Australian Billboard #1's - Statistics

General Stats
  • This quiz has been taken 13 times
  • The average score is 7 of 19
Answer Stats
Year Song Artist % Correct
1983 Down Under Men at Work
75%
1981/82 Physical Olivia Newton-John
75%
1972 I Am Woman Helen Reddy
67%
2012 Somebody That I Used to Know Gotye (feat. Kimbra)
67%
2016 Cheap Thrills Sia (feat. Sean Paul)
58%
1978 You're the One That I Want Olivia Newton-John (with John Travolta)
50%
2014 Fancy Iggy Azalea (feat. Charli XCX)
42%
1981 Jessie's Girl Rick Springfield
42%
1998 Truly Madly Deeply Savage Garden
33%
1982 Who Can It Be Now? Men at Work
33%
1974 I Honestly Love You Olivia Newton-John
25%
1988 Need You Tonight INXS
25%
2021 Stay The Kid LAROI (and Justin Bieber)
25%
1981 The One That You Love Air Supply
17%
1974 Angie Baby Helen Reddy
8%
1975 Have You Never Been Mellow Olivia Newton-John
8%
1980 Magic Olivia Newton-John
8%
1973 Delta Dawn Helen Reddy
0%
2000 I Knew I Loved You Savage Garden
0%
No matching quizzes found
Score Distribution
Percent of People with Each Score
Percentile by Number Answered
Your Score History
You have not taken this quiz